000 00293nam a2200121Ia 4500
008 190216s9999||||xx |||||||||||||| ||und||
100 _aGurtu Jn & Gurtu A
245 0 _aThermo Dynamics
260 _bPragathi Prakashan
_c1998
300 _a258p
650 _aThermodynamics
942 _cBK
999 _c32892
_d32892